00417nas a22001337a 4500008004100000022001400041050001900055100003900074245006700113260004500180310001100225650002300236650002400259221124b |||||||| |||| 00| 0 eng d a2795-2673 aBV 4811.bA154 aABOYEJI, Sam and Kafilat Ayanbanjo aGRACE for living: A daily devotional January - December 2021/ aV.:bFoursquare Gospel Church in Nigeria aAnnual aDevotion Calendars aDevotion literature